000 01595nam a2200277 i 4500
003 DO-SdBNP
005 20260525151857.0
007 ta
008 260525e2024 dr ||||gr|||||||| |bspa d
020 _a9789945654660.
040 _aDO-SdBNP
_bspa
_cBNPHU
_erda
041 _aspa
082 _bS838D 2024
_222
100 _aSterling, Gael,
_d2007-
_989732
_eautor.
245 _aDeadwood /
_cGael Sterling.
264 _aSanto Domingo. República Dominicana :
_bEditorial Santuario,
_c2024.
300 _a81 páginas ;
_c23 x 15 cm.
336 _atexto
_btxt
_2rdacontent
337 _asin mediación
_bn
_2rdamedia
338 _avolumen
_bnc
_2rdacarrier
500 _aIncluye biografía del autor en la solapa.
520 _aEn el año 1877, en un pequeño pueblo llamado Deadwood, había un joven de 18 años que se llamaba Arthur Brooks. Vivía solo con su madre, ya que su padre había fallecido cuando él tenía tan solo 11 años. Arthur y su padre eran muy cercanos; su padre no era un hombre tradicional, ya que se crió en un bosque, donde aprendió a sobrevivir por sí solo y eso mismo le enseñó a Arthur: a cómo sobrevivir en la naturaleza. Después de la muerte de su padre la madre de Arthur dejó de ser tan cariñosa con él, ya no lo cuidaba ni le demostraba cariño, y todo empeoró cuando desarrolló un gusto por el alcohol, se volvió una mujer agresiva y rápida a la ira y empezó a desahogarse en el pequeño Arthur, que en ese momento nada más tenía 11 años.
590 _aInventariado, 2026/WG.
650 0 _aNovela dominicana
_9223
942 _2ddc
_cLBS1
999 _c60821
_d60821